| 000 | 01135nam a2200277Ia 4500 | ||
|---|---|---|---|
| 003 | GCL | ||
| 008 | 140319s9999 xx 000 0 ara d | ||
| 020 | _a133610977 | ||
| 040 |
_aGCL / _cGCL |
||
| 082 | 0 | 4 |
_a371.926 _bأ ص |
| 100 | 1 | _aعبدالمطلب امين الفريطى | |
| 245 | 1 | 0 |
_aصعوبات التعلم : _bتاريخها، مفهومها، تشخيصها، علاجها / _cعبدالمطلب امين الفريطى |
| 700 | 1 | _aالسيد عبدالحميد سليمان السيد | |
| 250 | _aالثانية | ||
| 260 |
_aالقاهرة : _bدار الفكر العربى ، _c2003 |
||
| 300 |
_a344 ص ؛ _c24 سم |
||
| 490 |
_aسلسلة الفكر العربى فى التربية الخاصة _v3 |
||
| 650 | 0 | 4 | _aالاطفال بطيئو التعلم |
| 650 | 0 | 4 | _aالاطفال - رعاية ذهنية |
| 650 | 0 | 4 | _aالاطفال المعوقون |
| 650 | 0 | 4 | _aالطلبة ضعاف التحصيل |
| 650 | 0 | 4 | _aالتاخر الدراسى |
| 650 | 0 | 4 | _aالاطفال المعوقون - رعاية وعلاج |
| 650 | 0 | 4 | _aالاطفال المعوقون - تعليم |
| 942 |
_2ddc _cBK |
||
| 999 |
_c9640 _d9640 |
||